000 02538cam a22002294a 4500
005 20250605163950.0
008 250528s ||||||||||||||||||||||||d
035 _a15361
020 _a70791643
040 _aGR-AtMCL
_bgre
_dGR-AtMCL
_eAACR2
245 1 _aBusiness in Action / Accompanied by SSweetco: A Resource and Activity File
260 _bMcgraw Hill Book Company,
_c1980
300 _a422
505 0 _aThe Nature of American Business, The Business System in America, The American Economy System, The American Business Environment, The Form and Structure of American Business, The Legal Forms of Business Ownership, Managerial Functions in a Business, Internal Structure of Business Organizations, Basic Business Operations - Marketing, Markets and Marketing, Marketing Distribution Systems, Marketing Promotion, Basic Business Operations - Production, Location and Layout and Management of Facilities, Production Materials Management, Basic Business Operations - Finance, Financial Management and Funding, Money Supply and Financial Institutions, Risk and Insurance and Credit Management, Basic Business Operations - Personnel, Personnel Administration, Human Resource Management, Labor Management Relations, Basic Business Operations - Information and Controls, Information Systems and Decision Making and Planning, Advanced Business Operations, Appendix, Glossary. Index.
520 _aThe Nature of American Business, The Business System in America, The American Economy System, The American Business Environment, The Form and Structure of American Business, The Legal Forms of Business Ownership, Managerial Functions in a Business, Internal Structure of Business Organizations, Basic Business Operations - Marketing, Markets and Marketing, Marketing Distribution Systems, Marketing Promotion, Basic Business Operations - Production, Location and Layout and Management of Facilities, Production Materials Management, Basic Business Operations - Finance, Financial Management and Funding, Money Supply and Financial Institutions, Risk and Insurance and Credit Management, Basic Business Operations - Personnel, Personnel Administration, Human Resource Management, Labor Management Relations, Basic Business Operations - Information and Controls, Information Systems and Decision Making and Planning, Advanced Business Operations, Appendix, Glossary. Index.
700 1 _aBittel R. Lester
_91261
700 1 _aBurke Ronald S
_91262
700 1 _aHoke Pavey L
_91263
942 _cBK
999 _c948
_d948